| 000 | 00683nam a2200265 a 4500 | ||
|---|---|---|---|
| 001 | 30415 | ||
| 003 | AR-BaAGN | ||
| 005 | 20231116150737.0 | ||
| 007 | ta | ||
| 008 | 220625s2004 ag |||||r|||| ||||||spa d | ||
| 020 | _a987-1110-17-0 | ||
| 040 |
_dAR-BaAGN _aAR-BaAGN _bspa _eaacr |
||
| 100 | 1 | _aPostay, Viviana | |
| 245 | 1 | 0 | _aLos saberes para educar al soberano 1976-1989 |
| 250 | _a1ª ed. | ||
| 260 |
_aCórdoba : _bFerryra Editor, _c2004. |
||
| 300 | _a214 páginas | ||
| 336 |
_2rdacontent _btxt |
||
| 337 |
_2rdamedia _bn |
||
| 338 |
_2rdacarrier _bnc |
||
| 650 | 4 |
_aHISTORIA DE LA EDUCACIÓN _9418 |
|
| 650 | 4 |
_aEDUCACIÓN _91547 |
|
| 942 | _cLIBRO | ||
| 999 |
_c30415 _d30415 |
||